| 000 | 00639cam a2200205 a 4500 | ||
|---|---|---|---|
| 001 | 000009073 | ||
| 005 | 20241009115416.0 | ||
| 008 | 790504s1971 mx a 000 0 spa | ||
| 040 |
_aDO-SdBNP _cPCvA _dDLC |
||
| 082 |
_a800 _bC355d |
||
| 100 | 1 |
_aCastro Alonso, Carlos A. _923721 |
|
| 245 | 1 | 0 |
_aDidáctica de la literatura / _cCarlos A. Castro Alonso. |
| 260 |
_aSalamanca, (España) : _bAnaya, _c1971. |
||
| 300 |
_a782 p. : _bil. ; _c24 cm. |
||
| 504 | _aIncluye bibliografía. | ||
| 650 | 0 |
_aLiteratura _93439 |
|
| 650 | 4 |
_aLiteratura didactica _923722 |
|
| 650 | 4 |
_aLiteratura educativa _923723 |
|
| 910 | _aCatalogación por copia / LC | ||
| 999 |
_c8837 _d8837 |
||